Statistics for Doctor Strange (2016) Quotes

Click here to take the quiz!

General Stats

  • This quiz has been taken 73 times
  • The average score is 5 of 9

Answer Stats

QuoteCharacter% Correct
Dormammu, I've come to bargain!Dr. Strange
100%
No! Stop! Make this stop! Set me free!Dormammu
76%
While heroes like the Avengers protect the world from physical dangers, we sorcerers safeguard it against more mystical threats.Wong
69%
So Earth has wizards now, huh?Thor
56%
Stephen. Everything is about you.Christine Palmer
51%
Death is what gives life meaning. To know your days are numbered.The Ancient One
51%
No, Stephen. You lack a spine.Baron Mordo
49%
Doctor we don't seek to rule this world. We seek to save it to hand it over to Dormammu, who is the intent of all evolution the why of all existence.Kaecilius
44%
I've stolen nothing. This is my power. Mine.Jonathan Pangborn
25%

Score Distribution

Percentile by Number Answered

Percent of People with Each Score

Your Score History

You have not taken this quiz